Magic in the ancient world /

Guardado en:
Autor Principal: Graf, Fritz
Formato: Libro
Publicado: Cambridge : Massachusetts : Harvard University, 1997
Materias:
Etiquetas: Agregar Etiqueta
Sin Etiquetas, Sea el primero en etiquetar este registro!
LEADER 00537nam a22001815a 4500
001 EHU.bham023513
003 AR-BHAM
005 20110209144626.0
008 130507s1997##################000#0#####d
082 1 3 |a 133.4 
100 1 |a Graf, Fritz 
245 1 0 |a Magic in the ancient world /  |c Fritz Graf 
260 |a Cambridge :  |b Massachusetts :  |b Harvard University,  |c 1997 
300 |a 313 p. 
500 |a Translated By Franklin Philip 
653 |a Magia 
653 |a Literatura latina 
859 |a AR-BHAM  |b BIB. HUMANIDADES - General  |h 133.4  |i G757  |p 33.01  |t Ej.1